| 000 | 01092nam a22002297a 4500 | ||
|---|---|---|---|
| 999 |
_c59649 _d59649 |
||
| 003 | Ge_BSU | ||
| 005 | 20230329101023.0 | ||
| 008 | 230329s2015 ge ||||| |||| 00| 0 geo d | ||
| 020 | _a 9789751964311 | ||
| 041 | _ageo | ||
| 080 | _a28-24 წ-71 | ||
| 245 |
_aწმინდა ყურანის შინაარსობრივი თარგმანი / _cმთარგმნელი: რეზო მიქელაძე; რედაქტორი: დონარი ტუნაძე. |
||
| 250 | _aპირველი გამოცემა | ||
| 264 |
_aანკარა: _bრელიგიურ საქმეთა სამმართველოს გამომცემლობა, _c2015. |
||
| 300 |
_a500 გვ.; _b21 სმ. |
||
| 653 | _aრელიგია. | ||
| 653 | _aისლამი. | ||
| 653 | _aყურანი. | ||
| 700 |
_aმიქელაძე, რეზო _eმთარგმნელი _96962 |
||
| 700 |
_aტუნაძე, დონარი _eრედაქტორი _96963 |
||
| 942 |
_2udc _cBK |
||